Normal view
MARC view
- Africa
Entry Geographic Name
001 - CONTROL NUMBER
- control field: 9374
003 - CONTROL NUMBER IDENTIFIER
- control field: OSt
005 - DATE AND TIME OF LATEST TRANSACTION
- control field: 20210520122336.0
008 - FIXED-LENGTH DATA ELEMENTS
- fixed length control field: 210520|| aca||aabn | a|a d
040 ## - CATALOGING SOURCE
- Original cataloging agency: OSt
- Transcribing agency: OSt
151 ## - HEADING--GEOGRAPHIC NAME
- Geographic name: Africa
670 ## - SOURCE DATA FOUND
- Source citation: Work cat.: (OSt)0: Ndlovu-Gatsheni, Sabelo J. 9370, Coloniality of Power in Postcolonial Africa :, c2013.